[Event "Skilling Open CCT 2021"]
[Site "Online"]
[Date "2020.11.19"]
[Round "3.3"]
[White "Le, Quang Liem"]
[Black "Ding, Liren"]
[Result "1/2-1/2"]
[WhiteElo "2744"]
[BlackElo "2836"]
[Annotator "RC"]
[PlyCount "64"]
[EventDate "2020.11.20"]
[EventType "tourn"]
[EventCountry "NET"]
[Tiebreak "Koya+Number of black wins+Number of wins"]
[SourceTitle "playchess.com"]
[Source "ChessBase"]
[SourceQuality "1"]
[TimeControl "900+10"]

1. d4 {[%emt 0:00:00]} Nf6 {[%emt 0:00:00]} 2. c4 {[%emt 0:00:00]} e6 {[%emt 0:
00:00]} 3. Nf3 {[%emt 0:00:00]} b6 {[%emt 0:00:00]} 4. g3 {[%emt 0:00:00]} Ba6
{[%emt 0:00:00]} 5. b3 {[%emt 0:00:05]} Bb4+ {[%emt 0:00:00]} 6. Bd2 {[%emt 0:
00:02]} Be7 {[%emt 0:00:00]} 7. Bg2 {[%emt 0:00:01]} O-O {[%emt 0:00:01]} 8.
Nc3 {[%emt 0:00:09]} c6 {[%emt 0:00:20]} 9. e4 {[%emt 0:00:40]} d5 {[%emt 0:00:
03]} 10. exd5 {[%emt 0:00:04]} cxd5 {[%emt 0:00:02]} 11. Ne5 {[%emt 0:00:02]}
Bb7 {[%emt 0:00:07]} 12. O-O {[%emt 0:00:06]} Nc6 {[%emt 0:00:01]} 13. cxd5 {
[%emt 0:01:16]} Nxe5 {[%emt 0:01:41]} 14. d6 {[%emt 0:00:04]} Nc6 {[%emt 0:00:
27]} 15. dxe7 {[%emt 0:00:05]} Qxe7 {[%emt 0:00:01]} 16. Bg5 {[%emt 0:00:05]}
Rfd8 {[%emt 0:01:37]} 17. d5 {[%emt 0:00:53]} h6 {[%emt 0:02:52]} 18. Bxf6 {
[%emt 0:07:18]} Qxf6 {[%emt 0:01:02]} 19. dxc6 {[%emt 0:00:44]} Rxd1 {[%emt 0:
00:09]} 20. Rfxd1 {[%emt 0:00:00]} Bxc6 {[%emt 0:00:25]} 21. Bxc6 {[%emt 0:00:
00]} Rc8 {[%emt 0:00:01]} 22. Ne4 {[%emt 0:00:41]} Qe5 {[%emt 0:02:19]} 23.
Rac1 {[%emt 0:01:38]} Rxc6 {[%emt 0:00:13]} 24. Rxc6 {[%emt 0:00:00]} Qxe4 {
[%emt 0:00:01]} 25. Rc8+ {[%emt 0:00:02]} Kh7 {[%emt 0:00:01]} 26. Rc7 {
[%emt 0:00:00]} Qe2 {[%emt 0:00:41]} 27. Rdd7 {[%emt 0:00:04]} Qe1+ {[%emt 0:
00:15]} 28. Kg2 {[%emt 0:00:03]} Qe4+ {[%emt 0:00:00]} 29. Kf1 {[%emt 0:00:37]}
Qb1+ {[%emt 0:00:24]} 30. Kg2 {[%emt 0:00:12]} Qe4+ {[%emt 0:00:02]} 31. Kf1 {
[%emt 0:00:08]} Qb1+ {[%emt 0:00:01]} 32. Kg2 {[%emt 0:00:01]} Qe4+ {[%emt 0:
00:01]} 1/2-1/2

[Event "Skilling Open CCT 2021"]
[Site "Online"]
[Date "2020.11.19"]
[Round "3.4"]
[White "Vidit, Santosh Gujrathi"]
[Black "Duda, Jan-Krzysztof"]
[Result "1/2-1/2"]
[WhiteElo "2636"]
[BlackElo "2774"]
[Annotator "ChessBase"]
[PlyCount "157"]
[EventDate "2020.11.20"]
[EventType "tourn"]
[EventCountry "NET"]
[Tiebreak "Koya+Number of black wins+Number of wins"]
[SourceTitle "playchess.com"]
[Source "ChessBase"]
[SourceQuality "1"]
[TimeControl "900+10"]

1. d4 {[%emt 0:00:00]} Nf6 {[%emt 0:00:00]} 2. c4 {[%emt 0:00:00]} g6 {[%emt 0:
00:00]} 3. Nc3 {[%emt 0:00:35]} d5 {[%emt 0:00:00]} 4. cxd5 {[%emt 0:00:01]}
Nxd5 {[%emt 0:00:00]} 5. e4 {[%emt 0:00:03]} Nxc3 {[%emt 0:00:00]} 6. bxc3 {
[%emt 0:00:00]} Bg7 {[%emt 0:00:00]} 7. Be3 {[%emt 0:00:04]} c5 {[%emt 0:00:00]
} 8. Nf3 {[%emt 0:00:01]} Qa5 {[%emt 0:00:05]} 9. Qd2 {[%emt 0:00:01]} O-O {
[%emt 0:00:02]} 10. Rc1 {[%emt 0:00:07]} Rd8 {[%emt 0:00:06]} 11. h4 {[%emt 0:
00:05]} cxd4 {[%emt 0:00:03]} 12. cxd4 {[%emt 0:00:01]} Qxd2+ {[%emt 0:00:00]}
13. Bxd2 {[%emt 0:00:01]} Nd7 {[%emt 0:00:02]} 14. Be3 {[%emt 0:00:50]} Nb6 {
[%emt 0:00:06]} 15. Bb5 {[%emt 0:01:03]} f5 {[%emt 0:01:34]} 16. Bd3 {[%emt 0:
01:10]} Be6 {[%emt 0:02:29]} 17. h5 {[%emt 0:03:24]} Rac8 {[%emt 0:02:02]} 18.
Rxc8 {[%emt 0:00:10]} Rxc8 {[%emt 0:00:00]} 19. h6 {[%emt 0:01:32]} fxe4 {
[%emt 0:00:44]} 20. Bxe4 {[%emt 0:00:06]} Bf6 {[%emt 0:00:02]} 21. Bxb7 {
[%emt 0:00:37]} Rc7 {[%emt 0:00:49]} 22. Ba6 {[%emt 0:01:33]} Bxa2 {[%emt 0:00:
22]} 23. O-O {[%emt 0:00:38]} Nd5 {[%emt 0:02:09]} 24. Bd2 {[%emt 0:00:04]} Bc4
{[%emt 0:00:16]} 25. Ra1 {[%emt 0:00:04]} Bxa6 {[%emt 0:00:33]} 26. Rxa6 {
[%emt 0:00:00]} Kf7 {[%emt 0:00:00]} 27. Kf1 {[%emt 0:00:32]} Rb7 {[%emt 0:00:
03]} 28. Ke2 {[%emt 0:00:29]} Nc7 {[%emt 0:00:06]} 29. Ra5 {[%emt 0:00:14]} Nb5
{[%emt 0:00:40]} 30. Be3 {[%emt 0:00:18]} Rb6 {[%emt 0:02:35]} 31. d5 {[%emt 0:
00:44]} Nc3+ {[%emt 0:01:12]} 32. Kd3 {[%emt 0:00:03]} Rb5 {[%emt 0:00:03]} 33.
Rxa7 {[%emt 0:00:38]} Rxd5+ {[%emt 0:00:27]} 34. Kc4 {[%emt 0:00:05]} Rd8 {
[%emt 0:00:55]} 35. Ng5+ {[%emt 0:01:44]} Bxg5 {[%emt 0:00:03]} 36. Bxg5 {
[%emt 0:00:00]} Nd5 {[%emt 0:00:07]} 37. Kd4 {[%emt 0:01:31]} Ke6 {[%emt 0:00:
13]} 38. Ke4 {[%emt 0:00:31]} Rb8 {[%emt 0:00:47]} 39. Ra6+ {[%emt 0:00:12]}
Kf7 {[%emt 0:00:07]} 40. f4 {[%emt 0:00:27]} Nc3+ {[%emt 0:00:17]} 41. Kd3 {
[%emt 0:00:10]} Nb5 {[%emt 0:00:09]} 42. g4 {[%emt 0:00:21]} Nd6 {[%emt 0:01:
18]} 43. Ra7 {[%emt 0:00:06]} Rb3+ {[%emt 0:00:01]} 44. Ke2 {[%emt 0:00:26]}
Rb7 {[%emt 0:00:01]} 45. Rxb7 {[%emt 0:00:24]} Nxb7 {[%emt 0:00:00]} 46. Ke3 {
[%emt 0:00:24]} Nd6 {[%emt 0:00:19]} 47. Kf3 {[%emt 0:00:48]} Ke6 {[%emt 0:00:
06]} 48. Bh4 {[%emt 0:00:05]} Kd7 {[%emt 0:00:49]} 49. Be1 {[%emt 0:00:22]} Nf7
{[%emt 0:00:03]} 50. g5 {[%emt 0:00:17]} Ke6 {[%emt 0:00:09]} 51. Bb4 {[%emt 0:
00:02]} Nd6 {[%emt 0:00:08]} 52. Ba3 {[%emt 0:00:13]} Nf5 {[%emt 0:00:31]} 53.
Ke4 {[%emt 0:00:05]} Kd7 {[%emt 0:00:42]} 54. Ke5 {[%emt 0:00:07]} Ng3 {
[%emt 0:00:09]} 55. Bb4 {[%emt 0:00:05]} Ke8 {[%emt 0:00:17]} 56. Ke6 {[%emt 0:
00:12]} Ne2 {[%emt 0:00:10]} 57. Ke5 {[%emt 0:00:06]} Ng3 {[%emt 0:00:11]} 58.
Ke6 {[%emt 0:00:04]} Ne2 {[%emt 0:00:03]} 59. Ke5 {[%emt 0:00:03]} Kf7 {
[%emt 0:00:05]} 60. f5 {[%emt 0:00:36]} gxf5 {[%emt 0:00:00]} 61. Kxf5 {
[%emt 0:00:01]} Nd4+ {[%emt 0:00:03]} 62. Ke4 {[%emt 0:00:03]} Ne6 {[%emt 0:00:
21]} 63. Kf5 {[%emt 0:00:07]} Nf8 {[%emt 0:00:02]} 64. Ke5 {[%emt 0:00:24]}
Nd7+ {[%emt 0:00:20]} 65. Kf4 {[%emt 0:00:23]} e6 {[%emt 0:00:05]} 66. Ke4 {
[%emt 0:00:06]} Kg6 {[%emt 0:00:01]} 67. Be7 {[%emt 0:00:00]} Kf7 {[%emt 0:00:
21]} 68. Bd8 {[%emt 0:00:01]} Nb8 {[%emt 0:00:02]} 69. Bc7 {[%emt 0:00:12]} Nc6
{[%emt 0:00:02]} 70. Bf4 {[%emt 0:00:03]} Kg6 {[%emt 0:00:06]} 71. Bc1 {
[%emt 0:00:02]} Ne7 {[%emt 0:00:14]} 72. Ke5 {[%emt 0:00:03]} Kf7 {[%emt 0:00:
01]} 73. Bd2 {[%emt 0:00:06]} Nc6+ {[%emt 0:00:02]} 74. Ke4 {[%emt 0:00:05]}
Nb8 {[%emt 0:00:09]} 75. Ke5 {[%emt 0:00:04]} Nd7+ {[%emt 0:00:02]} 76. Kd6 {
[%emt 0:00:03]} Nf8 {[%emt 0:00:01]} 77. Bc1 {[%emt 0:00:13]} Ng6 {[%emt 0:00:
02]} 78. Bd2 {[%emt 0:00:04]} Nh4 {[%emt 0:00:59]} 79. Bc1 {[%emt 0:00:04]}
1/2-1/2

[Event "Skilling Open CCT 2021"]
[Site "Online"]
[Date "2020.11.19"]
[Round "3.5"]
[White "So, Wesley"]
[Black "Aronian, Levon"]
[Result "1-0"]
[WhiteElo "2741"]
[BlackElo "2778"]
[Annotator "TA"]
[PlyCount "91"]
[EventDate "2020.11.20"]
[EventType "tourn"]
[EventCountry "NET"]
[Tiebreak "Koya+Number of black wins+Number of wins"]
[SourceTitle "playchess.com"]
[Source "ChessBase"]
[SourceQuality "1"]

{[%evp 18,91,13,18,19,-12,-3,-9,-12,-20,0,0,-1,-8,0,-11,35,-7,0,-4,0,0,0,0,0,0,
0,0,0,0,0,0,0,0,0,0,0,0,0,0,0,0,0,0,60,50,31,49,108,111,260,257,268,250,248,
253,341,327,428,406,391,408,482,412,441,403,450,416,539,516,547,531,806,798,
1610,1456]} 1. d4 Nf6 2. c4 e6 3. Nf3 d5 4. g3 Be7 5. Bg2 O-O 6. O-O dxc4 7.
Qc2 a6 8. a4 Bd7 9. Qxc4 Bc6 10. Bf4 (10. Bg5 h6 11. Bf4 Bd6 12. Nc3 Nbd7 13.
Bd2 Ne4 14. Rfd1 Nb6 15. Qd3 Nxc3 16. bxc3 Bxa4 17. Rdc1 c5 18. c4 Bc6 19. e4
Re8 20. Ba5 {1/2-1/2 (31) So,W (2770)-Aronian,L (2773) chess24.com INT 2020})
10... Bd6 {E05: Open Catalan: 5 Nf3 Be7.} 11. Nc3 Bxf4 12. gxf4 a5 {The
position is equal.} 13. e3 Nbd7 {[#]} 14. Qb3 $146 ({Predecessor:} 14. Kh1 Ra6
15. Rg1 Rb6 16. Qe2 Ne4 17. Qc2 f5 18. Nxe4 Bxe4 19. Qc3 Bxf3 20. Bxf3 {
1/2-1/2 (56) Aronian,L (2767)-So,W (2780) Saint Louis 2018}) 14... Ra6 15. Rfd1
Qe7 16. Qc2 g6 17. Rac1 Bxf3 18. Bxf3 c6 19. b3 Rb6 20. Nb1 Nd5 21. Nd2 Nb4 22.
Qb1 Qh4 23. Be2 Nf6 24. Nf3 Qh3 25. Ng5 Qh4 26. Nf3 Qh3 27. Ne5 Rd8 28. Rc5
Nbd5 {And now ...Nxe3! would win.} 29. Bf1 Qh4 30. h3 Nd7 (30... Ra8 $11) 31.
Nxd7 $14 (31. Rxa5 Nc3 $15) 31... Rxd7 32. Qc2 (32. Rxa5 Nc3 $17) 32... Qd8 ({
Black should play} 32... Nb4 $14 33. Qd2 Rd8) 33. Rxa5 $16 Ra6 {A mistake that
costs the game.} (33... Qh4 $16) 34. Rxa6 $18 ({Less strong is} 34. Bxa6 Qxa5
35. Bc4 Qb4 $14) 34... bxa6 35. Bxa6 ({Resist} 35. Qxc6 $6 a5 $18) 35... Nb4 {
[#]} 36. Qe2 $1 c5 37. Bb5 Rd6 38. Qe1 Nd5 39. Be2 ({Don't go for} 39. dxc5 $2
{[#]} Nxf4 $1 {[%mdl 512]} 40. Be2 Nxe2+ 41. Kh2 Rxd1 $19) 39... Qb6 40. dxc5
Qxc5 41. Bc4 Rc6 42. a5 {[%cal Ba4a5,Ba5a6,Ba6a7][%mdl 32]} Nf6 43. a6 {
White is clearly winning.} Rc8 44. Qd2 Qh5 45. a7 Ra8 {[#]} 46. Qd8+ $1 {
[%mdl 576] Promotion.  Weighted Error Value: White=0.07/Black=0.27} 1-0

[Event "Skilling Open CCT 2021"]
[Site "Online"]
[Date "2020.11.19"]
[Round "3.6"]
[White "Svidler, Peter"]
[Black "Firouzja, Alireza"]
[Result "1/2-1/2"]
[WhiteElo "2742"]
[BlackElo "2703"]
[Annotator "TA"]
[PlyCount "93"]
[EventDate "2020.11.20"]
[EventType "tourn"]
[EventCountry "NET"]
[Tiebreak "Koya+Number of black wins+Number of wins"]
[SourceTitle "playchess.com"]
[Source "ChessBase"]
[SourceQuality "1"]

{[%evp 9,93,15,14,11,31,12,12,12,14,12,12,0,0,0,1,6,0,-112,-113,-127,-120,-141,
-141,-142,-142,-142,-143,-131,-139,-124,-139,-167,-163,-184,-183,-191,-191,
-231,-224,-233,-233,-233,-233,-233,-234,-234,-234,-264,-258,-254,-236,-244,
-116,-123,-117,-137,-137,-124,-114,-147,-147,-145,-145,-172,0,0,0,0,0,0,0,0,0,
0,0,0,0,0,0,0,0,0,0,0,0,0]} 1. e4 c6 2. Nf3 d5 3. exd5 cxd5 4. Ne5 Nf6 5. d4
Bf5 6. Bb5+ {B10: Caro-Kann: 2 d3 and 2 c4.} Nbd7 7. O-O a6 8. Bd3 Bxd3 {[#]}
9. Nxd3 $146 ({Predecessor:} 9. Qxd3 e6 10. Nc3 Bd6 11. Qg3 Qe7 12. Bg5 h6 13.
Qh3 O-O-O 14. Bf4 g5 15. Nxd7 Bxf4 {0-1 (27) Efremova,D (1938)-Belenkaya,D 
(2181) St Petersburg 2011}) 9... e6 10. Bg5 Bd6 11. Nd2 Qc7 12. g3 O-O 13. Qe2
(13. a3 $11 {remains equal.}) 13... Qxc2 $17 14. Rfc1 Qa4 15. Bxf6 Nxf6 16. Nf3
Rac8 17. a3 Ne4 18. Kg2 h6 19. Qe3 Qb3 20. Nd2 Nxd2 21. Qxd2 Rc4 22. Nc5 {[#]}
Qb5 $1 23. b4 b6 24. a4 Qxb4 25. Qxb4 Rxb4 26. Nxa6 Rxd4 27. Rc6 Be5 28. Ra2
Ra8 29. Rxb6 Rc4 30. a5 g5 (30... Bd4 $19 {is more deadly. Hoping for ...Kh7.}
31. Rb8+ Rxb8 32. Nxb8 Kf8) 31. Nb4 Bd4 32. Rb5 Kg7 33. a6 Ra7 34. Nd3 Rc3 35.
Nb4 Rb3 36. Ra4 {intending Rb7.} Bf6 $2 ({Black should play} 36... Rb2 $19 37.
Rb7 Rxf2+ 38. Kh1 Rf1+ 39. Kg2 Rf2+ 40. Kh1 g4) 37. Rb7 $11 {The position is
equal.} Ra8 {[#]} 38. Nxd5 $1 {[%mdl 512]} Rxa6 $1 (38... exd5 39. Rxb3) 39.
Nxf6 Rxb7 {[%mdl 4096] Endgame KRR-KRN} (39... Rxa4 {keeps more tension.} 40.
Ne8+ Kf8 41. Rxb3 Kxe8 42. Rb8+ Ke7) 40. Ne8+ Kf8 41. Rxa6 {Nd6 is the strong
threat.} Kxe8 {KR-KR} 42. Ra8+ Ke7 43. Rh8 Kf6 44. Rxh6+ Kg7 45. Rh5 f6 (45...
Kg6 $5 {[%cal Rg6h5]} 46. Rh8 Kf5 $11) 46. h4 $1 gxh4 47. Rxh4 {Whites escaped
into a draw.  Weighted Error Value: White=0.11/Black=0.08} 1/2-1/2

[Event "Skilling Open CCT 2021"]
[Site "Online"]
[Date "2020.11.19"]
[Round "3.7"]
[White "Nepomniachtchi, Ian"]
[Black "Anton Guijarro, David"]
[Result "0-1"]
[WhiteElo "2778"]
[BlackElo "2667"]
[Annotator "TA"]
[PlyCount "64"]
[EventDate "2020.11.20"]
[EventType "tourn"]
[EventCountry "NET"]
[Tiebreak "Koya+Number of black wins+Number of wins"]
[SourceTitle "playchess.com"]
[Source "ChessBase"]
[SourceQuality "1"]

{[%evp 9,64,0,-1,-9,-20,-9,-7,-16,0,-6,-18,-37,-41,-33,-17,-27,-14,-6,-6,-66,
-71,-119,-117,-115,-129,-188,-150,-145,-157,-161,-156,-298,-286,-280,-281,-416,
-410,-426,-413,-423,-413,-381,-390,-385,-376,-437,-413,-488,-492,-521,-531,
-489,-498,-499,-499,-1080,-1115]} 1. b3 d5 2. Bb2 Bf5 3. d3 e6 4. Nd2 Nf6 5. g3
{[#]} a5 $146 {[%cal Ba7a5,Ba5a4][%mdl 32]} ({Predecessor:} 5... h6 6. Bg2 Bh7
7. Nh3 c5 8. O-O Nc6 9. e4 Be7 10. exd5 exd5 11. Nf4 O-O {1/2-1/2 (47)
Nepomniachtchi,I (2784)-Aronian,L (2781) Chess.com INT 2020}) 6. a3 {A01:
Nimzowitsch-Larsen Opening.} a4 7. b4 c5 8. c3 {The position is equal.} Be7 9.
Bg2 O-O 10. e4 Bg6 11. Nh3 dxe4 12. dxe4 b5 13. Nf4 Nc6 {[%cal Bb8c6,Bc6e5,
Be5g4][%mdl 32]} 14. h4 (14. Qe2 $11) 14... Ne5 $15 15. Qe2 {[#]} Nh5 $1 {
[%mdl 512]} 16. Bf1 (16. Nxh5 Nd3+) 16... c4 {Strongly threatening ...Nxf4.}
17. Qe3 (17. Nxh5 $17 {keeps fighting.} Nd3+ {[%mdl 64] Double Attack} 18. Kd1
Bxh5 19. Qxh5 Nxf2+ 20. Kc2 Nxh1 21. Qf3) 17... Nxf4 18. gxf4 Ng4 19. Qg3 Nf6
20. Bg2 (20. O-O-O $17) 20... Qc7 21. e5 {[#]} Nh5 $1 {[%cal Rh5g3]} 22. Qg4 (
22. Qh2 $142 Rad8 23. Nf3) 22... Rad8 $19 23. O-O-O f5 24. Qf3 Rd3 25. Qc6 Qxc6
26. Bxc6 Be8 27. Bb7 Nxf4 28. Kc2 Bh5 {Black is clearly winning.} 29. Bc6 Bxd1+
30. Rxd1 Rb8 31. Nf3 Rb6 32. Bd7 (32. Ba8 $142 Rxd1 33. Kxd1) 32... Rxf3 {
Weighted Error Value: White=0.36/Black=0.03} 0-1

[Event "Skilling Open CCT 2021"]
[Site "Online"]
[Date "2020.11.19"]
[Round "3.8"]
[White "Carlsen, Magnus"]
[Black "Radjabov, Teimour"]
[Result "1-0"]
[WhiteElo "2881"]
[BlackElo "2758"]
[Annotator "TA"]
[PlyCount "55"]
[EventDate "2020.11.20"]
[EventType "tourn"]
[EventCountry "NET"]
[Tiebreak "Koya+Number of black wins+Number of wins"]
[SourceTitle "playchess.com"]
[Source "ChessBase"]
[SourceQuality "1"]

{[%evp 10,55,12,18,20,15,15,14,18,12,18,18,29,14,19,0,0,0,8,0,0,0,0,0,0,0,2,0,
0,0,0,0,0,-15,-27,-9,135,143,128,121,158,158,157,152,152,139,139,121]} 1. d4
Nf6 2. c4 e6 3. Nf3 d5 4. Nc3 Bb4 5. Qb3 c5 6. dxc5 Nc6 {Threatens to win with
...d4. D38: Queen's Gambit Declined: Ragozin Defence (4 Nf3 Bb4).} 7. Bg5 Qa5 {
Hoping for ...d4.} 8. Bxf6 dxc4 {The position is equal.} 9. Qxc4 gxf6 10. Rc1
Qxc5 11. Qf4 Ke7 12. g3 Bxc3+ 13. bxc3 Bd7 14. Bg2 Rac8 15. O-O b6 16. Rfd1 Ne5
{[#]} 17. Nd4 $146 ({Predecessor:} 17. Rd4 Bc6 18. Nxe5 Qxe5 19. Bxc6 Rxc6 20.
Rcd1 Qxf4 21. Rd7+ Kf8 22. gxf4 a5 23. R1d3 {1-0 (38) Sjugirov,S (2665)
-Petrosyan,M (2613) Moscow 2019}) 17... Nc4 18. h4 Qc7 {...Qxf4 is the strong
threat.} 19. Qh6 Rcg8 {And now ...e5 would win.} 20. Rb1 Rg6 21. Qh5 Rhg8 22.
Nb5 Qe5 (22... Bxb5 $11 {keeps the balance.} 23. Qxb5 f5) 23. Qxe5 $16 fxe5 24.
Nxa7 Ne3 {[#]} 25. Rd2 $1 {White is clearly better.} ({Wrong is} 25. fxe3 $2
Rxg3 26. Kh1 Rxg2 $19) 25... Nc4 {[#]} 26. Rd3 $1 Rg4 27. Rb4 {Black must now
prevent Bf3.} Na5 28. Rxb6 {Weighted Error Value: White=0.02/Black=0.13} 1-0

[Event "Skilling Open CCT 2021"]
[Site "Online"]
[Date "2020.11.19"]
[Round "4.1"]
[White "Vachier-Lagrave, Maxime"]
[Black "Radjabov, Teimour"]
[Result "0-1"]
[WhiteElo "2860"]
[BlackElo "2758"]
[Annotator "TA"]
[PlyCount "113"]
[EventDate "2020.11.20"]
[EventType "tourn"]
[EventCountry "NET"]
[Tiebreak "Koya+Number of black wins+Number of wins"]
[SourceTitle "playchess.com"]
[Source "ChessBase"]
[SourceQuality "1"]

{[%evp 16,113,25,27,50,44,31,0,29,0,23,22,35,0,8,8,4,0,0,0,0,0,0,0,11,12,13,0,
8,0,33,0,23,25,48,22,65,57,63,65,69,53,75,34,53,22,27,15,14,0,0,0,0,-44,-42,
-35,-37,-87,-93,-122,-100,-102,-107,-189,-191,-191,-186,-165,-99,-111,-12,-16,
-8,-8,-16,-56,-54,-52,-63,-64,-58,-67,-54,-54,-47,-62,-62,-71,-71,-79,-79,-218,
-218,-337,-335,-493,-475,-493,-483,-456]} 1. e4 c5 2. Nf3 Nc6 3. Bb5 e6 4. O-O
Nge7 5. Re1 a6 6. Bf1 d5 7. exd5 Nxd5 8. d4 cxd4 9. Nxd4 Bd7 {B30: Sicilian: 2.
..Nc6 3 Bb5, lines without ...g6.} 10. Nf5 {Qxd5 is the strong threat.} Qa5 {
[#]} 11. Nd2 $146 {Hoping for Nc4.} ({Predecessor:} 11. Bd2 Qc5 12. Ne3 Be7 13.
Nc3 Nxc3 14. Bxc3 e5 15. Nd5 O-O 16. Bxe5 Bh4 17. g3 Nxe5 18. Rxe5 {1-0 (29)
Artemiev,V (2659)-Kholopov,A (2334) Moscow 2015}) 11... Nf6 {The position is
equal.} 12. Bd3 Ne5 (12... O-O-O $5 {[%cal Re6f5]} 13. Nc4 Qc7 $11) 13. Nb3 Qd5
14. Ne3 Qd6 15. Bf1 Qc7 16. Bd2 Bd6 17. Bc3 O-O 18. Qd4 Nc6 19. Qh4 Be5 20.
Bxe5 Nxe5 21. Rad1 Rac8 22. c3 Ng6 (22... Bc6 {with more complications.} 23.
Nd4 Be4 24. Qg3 Rfd8 25. Nec2 h6) 23. Qg3 Qxg3 24. hxg3 Rc7 25. Rd4 e5 26. Rc4
Rfc8 27. Rxc7 Rxc7 28. Nc4 Ng4 29. Rd1 Kf8 30. Be2 Nf6 31. Nb6 Ke7 32. Na5 Be6
33. Bc4 Nf8 34. a4 N8d7 35. Bxe6 Kxe6 36. Nbc4 Nd5 37. Nd2 Nc5 38. Ra1 Nb6 39.
b3 {[#]} (39. Ra3 $17) 39... Nd5 $1 $19 40. b4 Nd3 41. b5 axb5 ({But not} 41...
Rxc3 42. Nxb7 axb5 43. axb5 $17) (41... Nxc3 $19 42. bxa6 bxa6) 42. axb5 $17 b6
({Black should play} 42... Nxc3 $17 43. b6 Rd7) 43. c4 $1 $11 {[%cal Rc4d5]}
bxa5 44. cxd5+ Kxd5 {Strongly threatening ...Rc1+.} 45. Rxa5 {[%mdl 4096]
Endgame KRN-KRN} Rc1+ 46. Nf1 $1 Rb1 47. Ra7 Ke6 ({Weaker is} 47... Rxb5 48.
Rd7+ Kc4 49. Nd2+ Kc3 50. Ne4+ Kc2 51. Rc7+ Kb2 52. Rxf7 $18) 48. Ra6+ Kf5 49.
g4+ Kg5 50. Ra7 Kg6 $1 51. Rb7 Nc5 52. Rb6+ f6 {Threatens to win with ...Ne4.}
53. f3 {[#] Loses the game.} (53. Rd6 $17) 53... e4 $1 $19 {[%cal Re4e3]
aiming for ...e3.} 54. Kf2 (54. Rb8 {was called for.}) 54... Nd3+ 55. Ke2 (55.
Ke3 $142 Rxf1 56. Kxe4) 55... Re1+ 56. Kd2 Rxf1 57. fxe4 {Weighted Error Value:
White=0.22/Black=0.12} 0-1

[Event "Skilling Open CCT 2021"]
[Site "Online"]
[Date "2020.11.19"]
[Round "4.2"]
[White "Anton Guijarro, David"]
[Black "Carlsen, Magnus"]
[Result "0-1"]
[WhiteElo "2667"]
[BlackElo "2881"]
[Annotator "TA"]
[PlyCount "52"]
[EventDate "2020.11.20"]
[EventType "tourn"]
[EventCountry "NET"]
[Tiebreak "Koya+Number of black wins+Number of wins"]
[SourceTitle "playchess.com"]
[Source "ChessBase"]
[SourceQuality "1"]

{[%evp 22,52,10,0,0,-3,-10,-10,-10,-10,-4,-2,-14,-27,-20,-19,-9,-78,-45,-89,
-90,-262,-253,-245,-273,-250,-258,-570,-554,-540,-508,-520,-520]} 1. d4 d5 2.
c4 c6 3. Nf3 Nf6 4. Nc3 e6 5. e3 Nbd7 6. Be2 Bd6 7. O-O O-O 8. Qc2 b6 9. e4
Nxe4 10. Nxe4 dxe4 11. Qxe4 Bb7 12. Rd1 Qc7 {D45: Semi-Slav: 5 e3.} 13. c5 bxc5
14. dxc5 {[#]} Nxc5 $5 $146 {[%mdl 8] The position is equal. An interesting
novelty.} ({Predecessor:} 14... Bxc5 15. Bf4 Nf6 16. Qxh7+ Kxh7 17. Bxc7 Kg8
18. Nd2 Bb6 19. Be5 Rfd8 20. Bf3 Ba6 {1/2-1/2 (70) Leko,P (2705)-Artemiev,V 
(2676) Moscow 2015}) 15. Qc2 {Threatening Be3.} Rad8 16. Bg5 Be7 17. Rxd8 Rxd8
18. Rc1 {[#] Bxe7 is the strong threat.} Rd5 19. Be3 (19. b4 $11 {remains
equal.} Rxg5 20. Nxg5 Bxg5 21. Qxc5 Bxc1 22. Qxc1) 19... Nd7 20. Nd4 {[%cal
Rd4c6]} Bc5 $36 {[%mdl 2048] Black is in control.} 21. Nb5 $2 {White does not
recover from this.} (21. Qc3 $17 {was worth a try.}) 21... cxb5 $19 22. b4 {[#]
} Qc6 $1 {( -> ...Rd1+!)} 23. Bf3 Bxe3 ({Inferior is} 23... Bxb4 24. Qxc6 Bxc6
25. Rxc6 $11) 24. fxe3 $2 (24. Qxc6 Bxc6 25. Rxc6 Bxf2+ 26. Kxf2 Rd2+ 27. Ke3
Rxa2 28. Rc8+ Nf8 29. Kd4) 24... Qb6 {Black is clearly winning.} 25. Bxd5 Qxe3+
(25... exd5 $2 26. Qc7 $19) 26. Kh1 Bxd5 {Weighted Error Value: White=0.61/
Black=0.03} (26... exd5 $2 27. Qc7 $19) 0-1